000 01112nam a2200313 i 4500
001 bg
003 KOSZ 005
005 20191001133948.0
008 990506s1983 pl a f f |000 0 pol
015 _aPB 1984/77
035 _a(OCoLC)830230249
040 _aWA N
_cKOSZ 005/HR
_dKOSZ 005/HR
041 0 _apol
080 _a621.56/.59
080 _a536
080 _a(075.8)
100 1 _aPudlik, Wiesław
_d(1930- ).
_eAutor
245 1 0 _aWymiana i wymienniki ciepła :
_bskrypt przeznaczony jest dla studentów Wydziału Budowy maszyn specjalności Systemy, Maszyny i Urządzenia Energetyczne oraz kierunków pokrewnych /
_cWiesław Pudlik ; Politechnika Gdańska.
250 _a[Wyd. 2].
260 _aGdańsk :
_bPG,
_c1983.
300 _a335 s. :
_brys., wykr. ;
_c24 cm.
380 _aKsiążki.
658 _aInżynieria i technika
655 4 _aPodręczniki akademickie
650 4 _aTermodynamika techniczna
650 4 _aWymiennik ciepła
856 _uhttp://koha.tu.koszalin.pl/cgi-bin/koha/opac-detail.pl?biblionumber=22062
_yKatalog online BPK
942 _2UKD
_cKS
999 _c22062
_d22062